[Event "ICS rated blitz match"]
[Site "207.99.83.227"]
[Date "1999.04.26"]
[Round "?"]
[White "Eza"]
[Black "Hossa"]
[Result "0-1"]
[WhiteElo "2305"]
[BlackElo "2336"]
[PlyCount "218"]

1. d4 d5 2. Nf3 Nf6 3. c4 dxc4 4. e3 b5 5. b3 cxb3 6. Bxb5+ c6 7. Bd3 bxa2 8.
Rxa2 e6 9. Qa4 Be7 10. Ne5 Bb7 11. O-O a6 12. f4 O-O 13. Rb2 Ra7 14. Bd2 Bd6
15. Ba5 Qe7 16. Bb6 Ra8 17. Nc3 Nd5 18. Nxd5 exd5 19. Qc2 h6 20. Bc5 Bxc5 21.
Qxc5 Qxc5 22. dxc5 Bc8 23. Rb6 Re8 24. Kf2 a5 25. Nxc6 Nd7 26. Rb5 Ba6 27. Nxa5
Rec8 28. c6 Bxb5 29. Bxb5 Nc5 30. Ra1 Ne4+ 31. Kf3 Nc3 32. Bd3 Rxc6 33. Nxc6
Rxa1 34. Nd4 Rd1 35. Bc2 Rf1+ 36. Kg3 h5 37. Bf5 g6 38. Bc2 f5 39. Nf3 Kg7 40.
Bb3 Kh8 41. Ne5 Kh7 42. Nf3 Rb1 43. Nd4 Re1 44. Kf2 Rh1 45. h3 Ne4+ 46. Ke2 Ra1
47. Kd3 Ra3 48. Kc2 Ra5 49. Kb2 Kh6 50. Ne6 Nd2 51. Kc2 Nxb3 52. Kxb3 Ra7 53.
Nd4 Ra1 54. Nf3 Rf1 55. Kc3 Rf2 56. Nh4 Re2 57. Kd3 Rb2 58. Kc3 Rf2 59. Kd4
Rd2+ 60. Kc3 Rd1 61. Nf3 Kg7 62. h4 Kh7 63. Kc2 Ra1 64. Kd3 Kg8 65. Ne5 Kg7 66.
Ke2 Ra6 67. Kf3 Rb6 68. Nd7 Re6 69. Ke2 Rd6 70. Nc5 Rc6 71. Nd7 Rc2+ 72. Kf3
Rc1 73. Nb6 Rc5 74. Nd7 Rb5 75. Ne5 Rb4 76. Kf2 Rb6 77. Nd7 Rb7 78. Ne5 Rb4 79.
Kf3 Ra4 80. Ke2 Ra2+ 81. Kf3 Ra6 82. Nd7 Rd6 83. Ne5 Re6 84. Kf2 Re8 85. Ke2
Rb8 86. Kd3 Rb2 87. g3 Rg2 88. Nc6 Rxg3 89. Nb4 Rh3 90. Kd4 Rxh4 91. Kxd5 g5
92. Nc6 g4 93. Nd4 Kf6 94. e4 fxe4 95. Kxe4 Rh2 96. Nf5 Re2+ 97. Ne3 Rxe3+ 98.
Kxe3 Kf5 99. Kf2 h4 100. Ke3 h3 101. Kf2 Kxf4 102. Kf1 Ke3 103. Kg1 g3 104. Kf1
g2+ 105. Kg1 Kf3 106. Kh2 Kf2 107. Kxh3 g1=Q 108. Kh4 Qg6 109. Kh3 109... Qg3#
{Eza checkmated} 0-1

[Event "ICS rated blitz match"]
[Site "207.99.83.227"]
[Date "1999.04.26"]
[Round "?"]
[White "alves"]
[Black "Hossa"]
[Result "0-1"]
[WhiteElo "1999"]
[BlackElo "2351"]
[PlyCount "34"]

1. e4 e5 2. Nf3 Nc6 3. Bc4 Nf6 4. Ng5 d5 5. exd5 Nxd5 6. Qf3 Qxg5 7. Bxd5 Nd8
8. O-O Bd6 9. d4 Qh4 10. dxe5 Bxe5 11. g3 Qf6 12. Re1 O-O 13. Qb3 Be6 14. Bxe6
fxe6 15. c3 Qxf2+ 16. Kh1 Qxe1+ 17. Kg2 17... Qf1# {alves checkmated} 0-1

[Event "ICS rated blitz match"]
[Site "207.99.83.227"]
[Date "1999.04.26"]
[Round "?"]
[White "Hossa"]
[Black "alves"]
[Result "1-0"]
[WhiteElo "2355"]
[BlackElo "1995"]
[PlyCount "61"]

1. d4 Nf6 2. c4 e6 3. Nf3 Bb4+ 4. Bd2 a5 5. e3 O-O 6. Bd3 d5 7. O-O b6 8. cxd5
exd5 9. Qc2 h6 10. Ne5 Bb7 11. Bb5 Qd6 12. Rc1 c5 13. Qf5 Bc8 14. Qd3 c4 15.
Qc2 Nbd7 16. e4 Nxe5 17. dxe5 Qxe5 18. Bxb4 axb4 19. exd5 b3 20. Qc3 Qxc3 21.
Nxc3 Bb7 22. axb3 cxb3 23. Rxa8 Rxa8 24. Rd1 Rd8 25. Ba4 Nd7 26. Bxb3 Nc5 27.
Bc4 Kf8 28. b4 Nd7 29. Bb5 Nf6 30. Bc6 Ke7 31. Bxb7 {alves resigns} 1-0

[Event "ICS rated blitz match"]
[Site "207.99.83.227"]
[Date "1999.04.26"]
[Round "?"]
[White "alves"]
[Black "Hossa"]
[Result "0-1"]
[WhiteElo "1991"]
[BlackElo "2359"]
[PlyCount "58"]

1. e4 e5 2. Nf3 Nc6 3. Bc4 Nf6 4. Ng5 d5 5. exd5 Nxd5 6. Qf3 Qxg5 7. Bxd5 Nd8
8. O-O Bd6 9. d4 Qh4 10. Re1 Qxd4 11. Nc3 O-O 12. Be3 Qb4 13. Bb3 Nc6 14. Rad1
Bg4 15. Qd5 Bxd1 16. Rxd1 Rad8 17. Qf3 Nd4 18. Bxd4 exd4 19. Ne4 Be7 20. c3 Qa5
21. Bc2 Qxa2 22. Qd3 f5 23. Ng3 dxc3 24. Qxc3 Rxd1+ 25. Bxd1 Qb1 26. Qb3+ Kh8
27. Ne2 Bf6 28. Kf1 Rd8 29. Ke1 29... Bxb2 {alves resigns} 0-1

[Event "ICS rated blitz match"]
[Site "207.99.83.227"]
[Date "1999.04.26"]
[Round "?"]
[White "ribadeepmind"]
[Black "Hossa"]
[Result "0-1"]
[WhiteElo "2157"]
[BlackElo "2382"]
[PlyCount "80"]

1. e4 e6 2. d4 d5 3. Nd2 Bb4 4. c3 Be7 5. e5 Nh6 6. f4 O-O 7. Ngf3 Ng4 8. Nb3
a5 9. a4 Bd7 10. Be2 Qe8 11. h3 Nh6 12. Nbd2 Nf5 13. Nf1 c5 14. Bd3 cxd4 15.
Bxf5 exf5 16. cxd4 Bb4+ 17. N1d2 b5 18. O-O bxa4 19. Nb1 Ra7 20. Nc3 Bxc3 21.
bxc3 Bb5 22. Rf2 Qc6 23. Ba3 Rc8 24. Bc5 Rb7 25. Nh4 Qe6 26. Qh5 Bd7 27. Kh2
Na6 28. Bd6 Rb3 29. Rg1 Rbxc3 30. g4 fxg4 31. f5 Rxh3+ 32. Kg2 Qe8 33. Qxg4
Rcc3 34. Nf3 Rh6 35. Kf1 Rg6 36. Qh5 Rc1+ 37. Ke2 Rgxg1 38. Nxg1 Rxg1 39. Rh2
h6 40. f6 40... Bg4+ {ribadeepmind resigns} 0-1

[Event "ICS rated blitz match"]
[Site "207.99.83.227"]
[Date "1999.04.26"]
[Round "?"]
[White "Hossa"]
[Black "alves"]
[Result "1-0"]
[WhiteElo "2389"]
[BlackElo "2000"]
[PlyCount "51"]

1. Nf3 d5 2. c4 d4 3. d3 c5 4. e4 Nc6 5. Bf4 Nf6 6. e5 Nd7 7. Be2 e6 8. O-O Be7
9. Na3 a6 10. Qa4 O-O 11. Bd1 f6 12. exf6 Bxf6 13. Re1 e5 14. Bg3 Re8 15. Nd2
Nb6 16. Qb3 Nb4 17. Ne4 Nd7 18. Bg4 Qc7 19. Rad1 Nf8 20. Bh5 Ng6 21. Bxg6 hxg6
22. Nb1 Be7 23. Nbd2 Bf5 24. Nf3 Bf6 25. Nxd4 exd4 26. Bxc7 {alves resigns} 1-0

[Event "ICS rated blitz match"]
[Site "207.99.83.227"]
[Date "1999.04.26"]
[Round "?"]
[White "distracted"]
[Black "Hossa"]
[Result "0-1"]
[WhiteElo "2040"]
[BlackElo "2392"]
[PlyCount "78"]

1. e4 c5 2. Nf3 Nc6 3. d4 cxd4 4. Nxd4 e5 5. Nxc6 bxc6 6. Nc3 Nf6 7. Bc4 Bb4 8.
O-O Bxc3 9. bxc3 d6 10. Bg5 O-O 11. Rb1 Be6 12. Qd3 h6 13. Bh4 a5 14. Rfd1 Bxc4
15. Qxc4 g5 16. Bg3 Qc7 17. h4 Rab8 18. hxg5 Rxb1 19. Rxb1 hxg5 20. Qd3 Rb8 21.
Rd1 Ne8 22. Qf3 Rb2 23. Qg4 Qe7 24. f4 exf4 25. Bxf4 f6 26. e5 dxe5 27. Rd7
Qc5+ 28. Kh2 Qc4 29. Rd8 Kf8 30. Rxe8+ Kxe8 31. Qc8+ Ke7 32. Qc7+ Kf8 33. Qd6+
Kf7 34. Qd7+ Kg6 35. Bg3 Rxa2 36. Qd8 Ra1 37. Qe8+ Qf7 38. Qxc6 Qh7+ 39. Bh4
39... Qxh4# {distracted checkmated} 0-1

[Event "ICS rated blitz match"]
[Site "207.99.83.227"]
[Date "1999.04.26"]
[Round "?"]
[White "Hossa"]
[Black "ColonialPast"]
[Result "1-0"]
[WhiteElo "2396"]
[BlackElo "2193"]
[PlyCount "57"]

1. Nf3 Nf6 2. d4 e6 3. e3 c5 4. Be2 Be7 5. dxc5 Qa5+ 6. Nbd2 Qxc5 7. c4 O-O 8.
O-O d5 9. Nb3 Qc7 10. cxd5 Nxd5 11. e4 Nf6 12. Bd3 e5 13. Bd2 Bg4 14. Qe2 Nc6
15. Rac1 a5 16. Bb5 Qb6 17. Ba4 Nd4 18. Nbxd4 exd4 19. e5 d3 20. Qxd3 Rad8 21.
Qc2 Nd5 22. Ng5 g6 23. Qe4 h5 24. Bb3 Bf5 25. Qa4 Nb4 26. Be3 Qa6 27. Bc4 Qa8
28. e6 f6 29. Nf7 {ColonialPast resigns} 1-0

[Event "ICS Rated blitz match"]
[Site "207.99.83.227"]
[Date "1999.04.26"]
[Round "?"]
[White "ColonialPast"]
[Black "Hossa"]
[Result "0-1"]
[WhiteElo "2185"]
[BlackElo "2404"]
[PlyCount "28"]

1. e4 c6 2. d4 d5 3. Nc3 dxe4 4. Nxe4 Nf6 5. Nxf6+ exf6 6. Nf3 Be7 7. Be2 O-O
8. O-O Bd6 9. h3 Re8 10. b3 Be6 11. Bb2 Qa5 12. Nd2 Qf5 13. Bg4 Qf4 14. Bxe6
14... Qh2# {ColonialPast checkmated} 0-1

[Event "ICS rated blitz match"]
[Site "207.99.83.227"]
[Date "1999.04.26"]
[Round "?"]
[White "Hossa"]
[Black "ColonialPast"]
[Result "1-0"]
[WhiteElo "2411"]
[BlackElo "2178"]
[PlyCount "117"]

1. d4 Nf6 2. Nf3 e6 3. Bg5 Be7 4. e3 O-O 5. Bd3 b6 6. e4 d5 7. e5 Nfd7 8. Bxe7
Qxe7 9. Nbd2 Ba6 10. Bxa6 Nxa6 11. O-O c5 12. Qe2 Nb4 13. c3 Nc6 14. Rae1 cxd4
15. cxd4 Rfc8 16. Rc1 Nf8 17. Nb3 Qb7 18. Ng5 h6 19. Nh3 Ne7 20. Nf4 Rxc1 21.
Rxc1 Rc8 22. Qg4 Rxc1+ 23. Nxc1 Qc7 24. Qd1 Qc4 25. Nfe2 Nf5 26. Nb3 Ng6 27.
Ng3 Nxg3 28. fxg3 Ne7 29. a3 Nc6 30. Kf2 a5 31. Ke3 Ne7 32. Kf2 a4 33. Nc1 Nf5
34. Ne2 h5 35. Qd2 Kf8 36. Qc3 g5 37. Qd2 g4 38. Kg1 Qb3 39. Nf4 Ng7 40. Qc1
Qc4 41. Qxc4 dxc4 42. d5 exd5 43. Nxd5 b5 44. Nc3 Ke7 45. Nxb5 Ke6 46. Nd6 Kxe5
47. Nxc4+ Kd4 48. Nb6 Ne6 49. Nxa4 Kc4 50. Nc3 Kb3 51. Ne4 Kxb2 52. Nf6 Kxa3
53. Nxh5 f5 54. h4 gxh3 55. gxh3 Kb4 56. h4 Kc5 57. Nf4 Kd6 58. Nxe6 Kxe6 59.
Kf2 {ColonialPast resigns} 1-0

[Event "ICS rated blitz match"]
[Site "207.99.83.227"]
[Date "1999.04.26"]
[Round "?"]
[White "ColonialPast"]
[Black "Hossa"]
[Result "0-1"]
[WhiteElo "2171"]
[BlackElo "2418"]
[PlyCount "76"]

1. e4 e6 2. d4 d5 3. Nd2 Bb4 4. c3 Be7 5. e5 Nh6 6. Ndf3 Nf5 7. Bd3 Nd7 8. Bxf5
exf5 9. Ne2 O-O 10. O-O Nb6 11. Ng3 Be6 12. Qc2 Qd7 13. Bg5 Bxg5 14. Nxg5 Rae8
15. Nh5 Qe7 16. f4 Nc4 17. Qe2 a5 18. b3 Na3 19. Ng3 Bd7 20. Qh5 h6 21. Nf3 Nc2
22. Rac1 Ne3 23. Rfe1 Qa3 24. Nh4 b5 25. Nhxf5 Nxf5 26. Nxf5 Qxa2 27. Re3 Qb2
28. Rf1 Bxf5 29. Qxf5 Qxb3 30. Rg3 Re6 31. Qh5 Rc6 32. f5 Rxc3 33. Rxg7+ Kxg7
34. f6+ Kh7 35. Qf5+ Kh8 36. Qh5 Rh3 37. gxh3 Qe3+ 38. Rf2 38... Qe1+ {
ColonialPast resigns} 0-1

[Event "ICS rated blitz match"]
[Site "207.99.83.227"]
[Date "1999.04.26"]
[Round "?"]
[White "Happychess"]
[Black "Hossa"]
[Result "1-0"]
[WhiteElo "2566"]
[BlackElo "2447"]
[Annotator "Crafty v16.6"]
[PlyCount "62"]

{annotating for player Hossa using a scoring margin of +0.10 pawns. search
time limit is 10.00} 1. e4 1... c6 2. d4 d5 3. Nc3 dxe4 4. Nxe4 Nf6 5. Nxf6+
exf6 6. c3 Bd6 7. Bd3 O-O 8. Ne2 Qc7 9. Qc2 h6 ({9:-0.14} 9... h6 10. h3 Be6
11. O-O Nd7 12. Bh7+ Kh8 13. Bf5 Rae8 14. Bxe6 Rxe6 15. Re1 $10) ({9:+0.14} 
9... Kh8 10. h3 Be6 11. O-O Nd7 12. Bf5 Rfe8 13. Re1 13... Rad8 $10) 10. h3 Be6
11. O-O Nd7 12. f4 Nb8 13. f5 Bh2+ 14. Kh1 Bd7 15. g3 Bxg3 16. Rg1 Bh4 17. Bxh6
Kh7 18. Bxg7 Rg8 19. Rg4 Rxg7 20. Rxh4+ Kg8 21. Rg1 Rg5 22. Qc1 Qd8 23. Rh5 Be8
24. h4 Rxg1+ 25. Qxg1+ Kf8 26. Qe3 Qd5+ 27. Kg1 Qe6 28. fxe6 fxe6 29. Rh7 Bf7
30. Qh6+ Ke7 31. Qg7 Kd6 1-0

[Event "ICS rated blitz match"]
[Site "207.99.83.227"]
[Date "1999.04.26"]
[Round "?"]
[White "SeaHawk"]
[Black "Hossa"]
[Result "1/2-1/2"]
[WhiteElo "2486"]
[BlackElo "2458"]
[PlyCount "136"]

1. Nf3 e6 2. d4 d5 3. Bg5 Be7 4. h4 Nf6 5. e3 c5 6. c3 cxd4 7. exd4 O-O 8. Bd3
h6 9. Nbd2 hxg5 10. hxg5 Ne4 11. Nxe4 dxe4 12. Bxe4 f5 13. gxf6 Bxf6 14. Bh7+
Kf7 15. Qd3 Ke7 16. O-O-O Nc6 17. Rde1 Kd6 18. Ne5 Bxe5 19. dxe5+ Kc7 20. Qe3
Qd5 21. f4 Qxa2 22. Bb1 Qa4 23. g3 Qc4 24. Rh7 Rf7 25. Rd1 b6 26. Bd3 Qa2 27.
Bb1 Qb3 28. Bc2 Qb5 29. Rd6 Na5 30. Qe4 Rb8 31. Qg6 Rd7 32. Rxg7 Nc4 33. Rdxd7+
Bxd7 34. b3 Nxe5 35. fxe5 Qxe5 36. Kb2 b5 37. b4 Rc8 38. Qg5 Qxg5 39. Rxg5 Kd6
40. Rg7 e5 41. Be4 Rc4 42. Bd3 Rc7 43. Be4 Be6 44. Rxc7 Kxc7 45. Kc2 Bg4 46.
Kd3 Kd7 47. Bb7 Be6 48. Ke4 Kd6 49. Ke3 Ke7 50. Be4 Kf6 51. Kf3 Kg5 52. Bc6 Bc4
53. Ke4 Kg4 54. Kxe5 Kxg3 55. Kd6 Bf1 56. Kc5 Kf4 57. Bxb5 Bh3 58. Kc6 Bg2+ 59.
Kd6 Ke3 60. c4 Bf1 61. Kc5 Kd3 62. Ba6 Kc3 63. Bb5 Kd3 64. Bc6 Kc3 65. Bd5 Bd3
66. b5 Bf1 67. Be6 Bd3 68. Bd5 68... Bf1 {Game drawn by mutual agreement}
1/2-1/2

[Event "ICS rated blitz match"]
[Site "207.99.83.227"]
[Date "1999.04.26"]
[Round "?"]
[White "Hossa"]
[Black "SeaHawk"]
[Result "0-1"]
[WhiteElo "2459"]
[BlackElo "2485"]
[Annotator "Crafty v16.6"]
[PlyCount "66"]

{annotating for player Hossa using a scoring margin of +0.10 pawns. search
time limit is 10.00} 1. d4 1... Nf6 2. c4 g6 3. Nc3 ({9:-0.29} 3. Nc3 3... Bg7
4. e4 O-O 5. e5 Ne8 6. Nf3 Nc6 7. Bg5 $10) ({9:-0.10} 3. Nf3 3... Bg7 4. e3 O-O
5. Bd3 c5 6. O-O cxd4 7. exd4 7... Nc6 $10) 3... d5 4. cxd5 Nxd5 5. Nxd5 Qxd5
6. Nf3 Bg7 7. Bf4 O-O 8. Bxc7 Na6 9. Be5 ({8:-0.36} 9. Be5 9... Bxe5 10. Nxe5
Nb4 11. Rc1 Qxa2 12. Rc7 Qxb2 13. Rxe7 $15) ({8:-0.10} 9. Bf4 9... Bf5 10. a3
Rac8 11. e3 Bc2 12. Qd2 12... b5 $10) 9... Bf5 10. Bxg7 Kxg7 11. a3 Rac8 12. e3
Rc2 13. Bxa6 Qa5+ 14. Nd2 Qxa6 15. e4 Rxb2 16. exf5 Rd8 17. Qc1 Qb5 18. Qc3 e5
19. O-O-O Ra2 20. f6+ Kxf6 21. dxe5+ Kg7 22. e6+ f6 23. Ne4 Rc8 24. Rd7+ Kh6
25. Rxh7+ Kxh7 26. Nxf6+ Kh6 27. Ng4+ Kg5 28. f4+ Kxg4 29. h3+ Kxf4 30. g3+ Kf5
31. g4+ Kf4 32. Qxc8 Qb2+ 33. Kd1 Qd2# 0-1

[Event "ICS rated blitz match"]
[Site "207.99.83.227"]
[Date "1999.04.26"]
[Round "?"]
[White "Hossa"]
[Black "distracted"]
[Result "1-0"]
[WhiteElo "2444"]
[BlackElo "2050"]
[PlyCount "39"]

1. Nf3 c5 2. e4 d6 3. d4 cxd4 4. Nxd4 Nf6 5. Nc3 g6 6. Bg5 Bg7 7. Bc4 O-O 8.
Qd2 Nc6 9. Nxc6 bxc6 10. Bh6 Bxh6 11. Qxh6 Rb8 12. Bb3 Ba6 13. f3 c5 14. Rb1
Qa5 15. Qg5 Rfe8 16. h4 Qb4 17. a3 Qd4 18. Rd1 Qe5 19. f4 Qd4 20. Rxd4 {
distracted resigns} 1-0

[Event "ICS rated blitz match"]
[Site "207.99.83.227"]
[Date "1999.04.26"]
[Round "?"]
[White "WeezerX"]
[Black "Hossa"]
[Result "1-0"]
[WhiteElo "2224"]
[BlackElo "2447"]
[Annotator "Crafty v16.6"]
[PlyCount "158"]

{annotating for player Hossa using a scoring margin of +0.10 pawns. search
time limit is 10.00} 1. e4 1... e5 2. Nf3 Nc6 3. d4 exd4 4. Nxd4 Qh4 5. Nc3 Bb4
6. Be2 Qxe4 7. Ndb5 Bxc3+ 8. bxc3 Kd8 9. O-O d6 ({8:+0.00} 9... d6 10. Bf3 Qc4
11. Be2 11... Qe4 $10) ({8:+0.14} 9... Nf6 10. Re1 Re8 11. Be3 Qe5 12. Nd4 Ne7
13. Qd3 $10) 10. Be3 Nf6 11. Bf3 Qh4 ({8:+0.00} 11... Qh4 12. Bxc6 bxc6 13. Qf3
Ng4 14. Bf4 Bd7 15. Rae1 15... Re8 $10) ({8:+0.12} 11... Qe5 12. Rb1 h5 13. Qd2
Ne4 14. Qd3 Bf5 15. Rfe1 $10) 12. Bxc6 bxc6 13. Qf3 Ng4 14. Bf4 Bd7 15. Nd4 d5
16. Rab1 Kc8 17. Qd3 a6 18. f3 Nf6 19. Bg3 Qg5 20. c4 Re8 21. f4 Qg4 22. Qb3
Kd8 23. Qb7 Ke7 24. Nxc6+ Bxc6 25. Qxc6 dxc4 26. Qxc7+ Kf8 27. Qxc4 Rac8 28.
Qxa6 Rxc2 29. Rfe1 Kg8 30. Rxe8+ Nxe8 31. Re1 Nf6 32. a4 Qd7 33. Bf2 Qd8 34.
Qb5 h5 35. f5 Ra2 36. Qb3 Qd2 37. Qf3 Rxa4 38. Rf1 Ra2 39. Rd1 Qg5 40. h3 g6
41. fxg6 Qxg6 42. Rd8+ Kh7 43. Bd4 Ra6 44. Kh2 Re6 45. Rc8 Rd6 46. Qf4 Ra6 47.
Rc7 Re6 48. Qf3 Rd6 49. Qf2 Re6 50. g3 Kg7 51. Rc1 Qg5 52. Rf1 Rd6 53. Bc3 Rc6
54. Qf3 Re6 55. Kg2 Ra6 56. Rf2 Re6 57. Bd4 Rd6 58. h4 Qg6 59. Qf4 Rxd4 60.
Qxd4 Qe4+ 61. Qxe4 Nxe4 62. Rf5 Kg6 63. Rd5 f5 64. Kf3 Nf6 65. Re5 Ng4 66. Re6+
Kf7 67. Ra6 Kg7 68. Kf4 Nf2 69. Kxf5 Kh7 70. Ra2 Nh3 71. g4 Ng1 72. Ra7+ Kg8
73. Kg6 Kf8 74. gxh5 Nf3 75. Rf7+ Ke8 76. Rxf3 Kd7 77. Rf6 Kc7 78. h6 Kd7 79.
h7 Kc7 1-0

[Event "ICS rated blitz match"]
[Site "207.99.83.227"]
[Date "1999.04.26"]
[Round "?"]
[White "Hossa"]
[Black "buzdovan"]
[Result "1-0"]
[WhiteElo "2422"]
[BlackElo "2135"]
[PlyCount "61"]

1. d4 Nf6 2. Nf3 e6 3. Bg5 c6 4. e4 Be7 5. Bd3 Qb6 6. Qc1 h6 7. Bxf6 Bxf6 8. e5
Be7 9. Nbd2 d5 10. exd6 Bxd6 11. Nc4 Qc7 12. Nxd6+ Qxd6 13. Qd2 Nd7 14. O-O Nf6
15. Rae1 O-O 16. Ne5 b5 17. c4 Bb7 18. cxb5 cxb5 19. Be2 Rfd8 20. Rd1 a6 21.
Qf4 Rac8 22. Bh5 Rc7 23. Bf3 Bxf3 24. Qxf3 Rc2 25. Qb3 Rdc8 26. Rfe1 Qd5 27.
Qa3 Ne4 28. Ng4 h5 29. Ne3 Qb7 30. Nxc2 Rxc2 31. Qd3 {buzdovan resigns} 1-0

[Event "ICS rated blitz match"]
[Site "207.99.83.227"]
[Date "1999.04.26"]
[Round "?"]
[White "StrongBach"]
[Black "Hossa"]
[Result "0-1"]
[WhiteElo "1830"]
[BlackElo "2427"]
[PlyCount "64"]

1. d4 Nf6 2. Qd3 d5 3. Nc3 Nc6 4. Bg5 Ne4 5. Nxe4 dxe4 6. Qxe4 Qxd4 7. Qxd4
Nxd4 8. O-O-O Ne6 9. Be3 g6 10. b4 a5 11. b5 Bd7 12. c4 O-O-O 13. Kb1 Ng7 14.
Kb2 Nf5 15. Bd2 Bg7+ 16. Kb1 Nd6 17. e3 Bf5+ 18. Kc1 Ne4 19. b6 Nxf2 20. bxc7
Rd7 21. e4 Bxe4 22. Re1 f5 23. c5 Rxc7 24. Rxe4 fxe4 25. Bc4 Rxc5 26. Kb1 Rxc4
27. Bxa5 Nxh1 28. Bd2 Rd8 29. Bc1 Rd6 30. a4 Rb6+ 31. Ka2 Rxc1 32. Ne2 32...
Ra1# {StrongBach checkmated} 0-1

[Event "ICS rated blitz match"]
[Site "207.99.83.227"]
[Date "1999.04.26"]
[Round "?"]
[White "xypher"]
[Black "Hossa"]
[Result "1-0"]
[WhiteElo "2692"]
[BlackElo "2428"]
[Annotator "Crafty v16.6"]
[PlyCount "126"]

{annotating for player Hossa using a scoring margin of +0.10 pawns. search
time limit is 10.00} 1. Nf3 1... e6 2. g3 Nf6 3. Bg2 d5 4. O-O Bd6 5. d3 Nc6 6.
Nc3 O-O 7. Bg5 Bb4 ({8:-0.52} 7... Bb4 8. d4 Be7 9. Qd2 Ne4 10. Nxe4 dxe4 11.
Bxe7 Qxe7 12. Ng5 $14) ({8:-0.27} 7... Be7 8. Rc1 Ng4 9. Qd2 Bxg5 10. Nxg5 Qd6
11. d4 11... Bd7 $10) 8. Nb5 Ba5 9. c4 a6 ({8:-0.27} 9... a6 10. Na3 Qe7 11. d4
Bb4 12. Rc1 Bxa3 13. bxa3 dxc4 14. Rxc4 Qxa3 15. Bxf6 15... gxf6 $10) ({8:-0.14
} 9... dxc4 10. dxc4 e5 11. Nh4 Bg4 12. Qxd8 Nxd8 13. Bxf6 gxf6 14. e3 14...
Be2 $10) 10. Nbd4 Nxd4 11. Nxd4 Bb6 12. Nb3 a5 ({8:-0.80} 12... a5 13. c5 Ba7
14. a4 e5 15. Bxf6 Qxf6 16. Bxd5 16... Rd8 $16) ({8:-0.35} 12... h6 13. Bd2
dxc4 14. dxc4 Qe7 15. Qc2 Rd8 16. c5 16... Ba7 $14) 13. e3 a4 14. Nd2 c6 15.
cxd5 cxd5 16. Qf3 a3 17. Bxf6 Qxf6 18. Qxf6 gxf6 19. Rab1 Bc7 20. d4 Bd6 21.
bxa3 Rxa3 22. Rb2 Rc3 23. Rfb1 f5 24. Rb3 Rc6 25. R3b2 Ba3 26. Rb3 Bc1 27. Nf3
Kh8 28. Bf1 Rc7 29. Bd3 Rg8 30. Kf1 Rg7 31. Ke2 e5 32. dxe5 f4 33. exf4 Bg4 34.
Rxb7 Rc8 35. R7b5 d4 36. R5b4 Ba3 37. Rxd4 Bc5 38. Rc4 Be6 39. Rc2 Rgg8 40.
Rbc1 Ba3 41. Rxc8 Bxc8 42. Rc7 Be6 43. Ng5 Rg7 44. Nxe6 fxe6 45. Rxg7 Kxg7 46.
Bc4 Bb2 47. Bxe6 Bd4 48. a4 Kf8 49. Bf5 h5 50. Bg6 h4 51. gxh4 Kg7 52. h5 Kf8
53. h6 Kg8 54. e6 Bf6 55. f5 Kf8 56. a5 Ke7 57. a6 Bd4 58. h7 Kd6 59. a7 Bxa7
60. h8=Q Bc5 61. Qd8+ Kc6 62. Be8+ Kb7 63. Qd5+ Ka6 1-0

[Event "ICS Rated blitz match"]
[Site "207.99.83.227"]
[Date "1999.04.26"]
[Round "?"]
[White "Hossa"]
[Black "rajah"]
[Result "0-1"]
[WhiteElo "2422"]
[BlackElo "2526"]
[Annotator "Crafty v16.6"]
[PlyCount "238"]

{annotating for player Hossa using a scoring margin of +0.10 pawns. search
time limit is 10.00} 1. d4 1... d5 2. e3 c5 3. dxc5 Qa5+ 4. Nc3 e6 5. Bd2 ({
7:+0.36} 5. Bd2 5... Qxc5 6. Nf3 Nf6 7. Bd3 Qb4 8. Rb1 $14) ({7:+0.49} 5. Nh3
5... Qxc5 6. Bd3 f5 7. Bd2 Nf6 8. Ng5 $14) 5... Qxc5 6. Bd3 Nf6 7. Nf3 Be7 8.
e4 ({8:-0.31} 8. e4 8... dxe4 9. Nxe4 Nxe4 10. Bxe4 Qb5 11. Bc3 O-O 12. Qd3
12... Qh5 $15) ({8:+0.22} 8. b4 8... Qb6 9. a3 O-O 10. O-O Qd6 11. Nb5 11...
Qd8 $10) 8... O-O 9. e5 ({8:+0.00} 9. e5 9... Ng4 10. Qe2 d4 11. Qe4 f5 12.
Qxd4 Qxd4 13. Nxd4 13... Nxe5 $10) ({8:+0.21} 9. Be3 9... Qc6 10. Bb5 Qc7 11.
exd5 Bb4 12. O-O Bxc3 13. bxc3 13... Nxd5 $10) 9... Ng4 10. O-O ({8:+0.06} 10.
O-O 10... Qb6 11. Rb1 Nc6 12. Bf4 Bc5 13. Qd2 13... Qd8 $10) ({8:+0.43} 10. Qe2
10... Nc6 11. Na4 Nd4 12. Nxc5 Nxe2 13. Nxe6 13... Re8 $14) 10... Qb6 11. a3 ({
7:-0.16} 11. a3 11... Nxf2 12. Rxf2 Bc5 13. Qe2 Bxf2+ 14. Qxf2 14... Qxb2 $10)
({7:+0.17} 11. Bc1 11... Nc6 12. h3 d4 13. hxg4 dxc3 14. bxc3 $10) 11... Nc6
12. Qe2 f6 13. exf6 Bxf6 14. Rfe1 Bd4 15. Nxd4 Qxd4 16. Nd1 Nf6 17. Qe3 Bd7 18.
Qxd4 Nxd4 19. Bb4 Rf7 20. Nc3 Rc8 21. Rad1 Nc6 22. Bd6 Na5 23. a4 Nc4 24. Bxc4
Rxc4 25. Be5 Ng4 26. Bd4 a6 27. f3 Nh6 28. a5 Nf5 29. Bb6 Rf6 30. Re5 Nd6 31.
Re2 Rc6 32. Bd4 Rf7 33. b3 Rc8 34. Be5 Nf5 35. Rdd2 Rc5 36. b4 Rc4 37. Na2 Bb5
38. Re1 Rf8 39. Rf2 Rfc8 40. c3 R8c6 41. Rd2 h6 42. Nc1 Rc8 43. Nb3 Re8 44. Nc5
Bc6 45. Rde2 g5 46. Kh1 Kf7 47. Rd1 Kg8 48. Kg1 g4 49. f4 g3 50. h3 Bb5 51.
Ree1 Re7 52. Rd2 Kf7 53. Kh1 Bc6 54. Rd3 Bb5 55. Rdd1 Bc6 56. Re2 Bb5 57. Red2
Be8 58. Rg1 Bb5 59. Rdd1 Ne3 60. Rde1 Nf5 61. Rc1 Kg8 62. Rge1 Kf7 63. Rb1 Bc6
64. Rb2 h5 65. Rd2 Re8 66. Rde2 h4 67. Rg1 Bb5 68. Ree1 Re7 69. Rc1 Bc6 70.
Rge1 Re8 71. Kg1 Ne7 72. Nd3 Ng6 73. Bd4 Bd7 74. Rcd1 Re7 75. Nb2 Rc7 76. Bc5
Re8 77. c4 Rcc8 78. f5 exf5 79. cxd5 Re4 80. Nd3 Rce8 81. Rf1 Kg8 82. Bb6 Ne5
83. Nxe5 R8xe5 84. Bc7 Re8 85. Rb1 Bb5 86. Rfd1 Bd3 87. Ra1 Bc2 88. Rf1 Rxb4
89. Rf4 Rxf4 90. Bxf4 Re2 91. Rc1 Be4 92. Bg5 Rxg2+ 93. Kf1 Bxd5 94. Rc5 Rf2+
95. Ke1 Bf3 96. Bxh4 Re2+ 97. Kf1 g2+ 98. Kg1 f4 99. Rg5+ Kh7 100. Rf5 Rc2 101.
Be1 Rc1 102. Rf7+ Kg6 103. Re7 Kf6 104. Re8 Bc6 105. Re2 Rd1 106. h4 Bf3 107.
Re8 Bh5 108. Rf8+ Ke5 109. Kxg2 Rxe1 110. Rh8 f3+ 111. Kg3 Rg1+ 112. Kf2 Rg2+
113. Ke3 Re2+ 114. Kd3 Bg6+ 115. Kc4 f2 116. Rf8 Bf5 117. Rb8 f1=Q 118. Rh8
Re3+ 119. Kb4 Qb5# 0-1

[Event "ICS Rated blitz match"]
[Site "207.99.83.227"]
[Date "1999.04.26"]
[Round "?"]
[White "WeezerX"]
[Black "Hossa"]
[Result "1-0"]
[WhiteElo "2334"]
[BlackElo "2411"]
[Annotator "Crafty v16.6"]
[PlyCount "107"]

{annotating for player Hossa using a scoring margin of +0.10 pawns. search
time limit is 10.00} 1. d4 1... Nf6 2. c4 g6 3. Nc3 d5 4. cxd5 Nxd5 5. e4 Nxc3
6. bxc3 Bg7 7. Bc4 O-O 8. Ne2 e5 9. Qb3 Qd7 ({8:-0.08} 9... Qd7 10. dxe5 Nc6
11. e6 fxe6 12. O-O Na5 13. Qb5 Nxc4 14. Qxc4 $10) ({8:+0.48} 9... exd4 10. Ba3
dxc3 11. Bxf8 Kxf8 12. Nxc3 Qd4 13. Rc1 $15) 10. dxe5 Bxe5 ({9:-0.36} 10...
Bxe5 11. Bh6 Bg7 12. Bxg7 Kxg7 13. O-O Qg4 14. f3 Qh4 15. Qd1 $14) ({9:-0.19} 
10... Nc6 11. e6 fxe6 12. O-O Na5 13. Qb5 Nxc4 14. Qxc4 b5 15. Qc5 $10) 11. O-O
a5 ({7:-0.78} 11... a5 12. Bh6 Bg7 13. Bxg7 Kxg7 14. Rad1 Qg4 15. Qc2 $16) ({
7:-0.12} 11... Qe7 12. Bd5 c6 13. Ba3 Bd6 14. Bxd6 Qxd6 15. Bc4 $10) 12. f4 a4
13. Qc2 Bd6 14. Be3 Nc6 15. e5 Be7 16. Rab1 Qg4 17. h3 Qh4 18. Bd3 a3 19. Nd4
Bc5 20. Qd2 Nxd4 21. cxd4 Bb6 22. d5 Ba5 23. Qc1 Bxh3 24. Rxb7 Qg3 25. Be4 Bc8
26. Rb3 Qg4 27. Bf3 Qd7 28. e6 Qa4 29. Rxa3 Qb5 30. e7 Re8 31. d6 Bb7 32. Rb3
Bb4 33. Qxc7 Bxf3 34. Rxf3 Rec8 35. Rxb4 Qxb4 36. d7 Qb1+ 37. Rf1 Qb8 38. Qxc8+
Qxc8 39. dxc8=Q+ Rxc8 40. Rd1 Re8 41. Rd8 f5 42. Rxe8+ Kf7 43. Rh8 Kxe7 44.
Rxh7+ Kf6 45. a4 Ke6 46. Rg7 Kd5 47. Rxg6 Kc4 48. a5 Kb4 49. a6 Kc4 50. a7 Kd3
51. a8=Q Ke2 52. Qd5 Kxe3 53. Kf1 Kxf4 54. Qd4# 1-0